Gastro-Intestinal parasites in chicken at banteay dek commune kien svay District kandal province, បរាសិតក្នុងប្រដាប់រំលាយអាហារមាន់នៅឃុំបន្ទាយដែក ស្រុកកៀនស្វាយ ខេត្តកណ្ដាល (Record no. 24765)

000 -LEADER
fixed length control field 00598nam a22001217a 4500
040 ## - CATALOGING SOURCE
Transcribing agency RUA
082 ## - DEWEY DECIMAL CLASSIFICATION NUMBER
Classification number VEM PAN 2024 B1.330 Or.1
100 ## - MAIN ENTRY--AUTHOR NAME
Personal name PANG SILIN, ប៉ាង ស៊ីលីន
245 ## - TITLE STATEMENT
Title Gastro-Intestinal parasites in chicken at banteay dek commune kien svay District kandal province, បរាសិតក្នុងប្រដាប់រំលាយអាហារមាន់នៅឃុំបន្ទាយដែក ស្រុកកៀនស្វាយ ខេត្តកណ្ដាល
260 ## - PUBLICATION, DISTRIBUTION, ETC. (IMPRINT)
Place of publication PHNOM PENH
Name of publisher RUA
Year of publication 2024
300 ## - PHYSICAL DESCRIPTION
Number of Pages x,
Other physical details ill,
Dimensions 29cm,
942 ## - ADDED ENTRY ELEMENTS (KOHA)
Koha item type VEM
952 ## - LOCATION AND ITEM INFORMATION (KOHA)
Withdrawn status [LOCAL, KOHA] 0
952 ## - LOCATION AND ITEM INFORMATION (KOHA)
Withdrawn status [LOCAL, KOHA] 0
Holdings
Permanent Location Date acquired Koha item type Lost status Shelving location Barcode Current Location Full call number
Library Block B2025-04-30VEM B1.330A083503Library Block BVEM PAN 2024 B1.330 Or.1
Library Block B2025-04-30VEM B1.330A083308Library Block BVEM PAN 2024 B1.330 Or.2
មជ្ឈមណ្ឌលឯការនៃសាកលវិទ្យាល័យភូមិន្ទកសិកម្មចំការដូង

Powered by Koha